| 000 | 00531nam a22001817a 4500 | ||
|---|---|---|---|
| 005 | 20240923101047.0 | ||
| 008 | 240920b |||||||| |||| 00| 0 eng d | ||
| 020 | _a978-93-6190-146-4 | ||
| 041 | _aeng | ||
| 082 | _a344.0416 | ||
| 100 |
_aBHARDWAJ, DR. LOKESH KUMAR & SINGH, DR. CHARANJEET AND KUMAR , AMIT _98575 |
||
| 245 | _aPHARMACY LAW AND ETHICS [ D. PHARMA, 2ND YEAR] | ||
| 250 | _a2ND ED. 2024] | ||
| 260 |
_aLUCKNOW _bTHAKUR PUBLICATION PVT.LTD |
||
| 300 | _a216; P | ||
| 650 |
_aPHARMACY _xD.PHARMA |
||
| 942 | _cBK | ||
| 999 |
_c8704 _d8702 |
||